<?xml version="1.0" encoding="UTF-8"?>
<marc:record xmlns:marc="http://www.loc.gov/MARC21/slim">
   <marc:leader>00000nam a2200000 a 4500</marc:leader>
   <marc:datafield ind1="1" ind2=" " tag="100">
      <marc:subfield code="a">Abbatiello, Antonella</marc:subfield>
      <marc:subfield code="4">aut</marc:subfield>
      <marc:subfield code="e">Verfasser/-in</marc:subfield>
   </marc:datafield>
   <marc:datafield ind1=" " ind2=" " tag="653">
      <marc:subfield code="a">Polnisch</marc:subfield>
   </marc:datafield>
   <marc:datafield ind1=" " ind2=" " tag="653">
      <marc:subfield code="a">Sprache</marc:subfield>
   </marc:datafield>
   <marc:datafield ind1=" " ind2=" " tag="653">
      <marc:subfield code="a">Kindergarten</marc:subfield>
   </marc:datafield>
   <marc:datafield ind1=" " ind2=" " tag="653">
      <marc:subfield code="a">Deutsch als Fremdsprache (DaF/DaZ)</marc:subfield>
   </marc:datafield>
   <marc:datafield ind1=" " ind2=" " tag="653">
      <marc:subfield code="a">Kinder</marc:subfield>
   </marc:datafield>
   <marc:datafield ind1=" " ind2=" " tag="653">
      <marc:subfield code="a">Kinderbuch</marc:subfield>
   </marc:datafield>
   <marc:datafield ind1=" " ind2=" " tag="653">
      <marc:subfield code="a">Kindergarten/Vorschule</marc:subfield>
   </marc:datafield>
   <marc:datafield ind1=" " ind2=" " tag="653">
      <marc:subfield code="a">Progr. f. Kinder</marc:subfield>
   </marc:datafield>
   <marc:datafield ind1=" " ind2=" " tag="653">
      <marc:subfield code="a">Sprachen lernen</marc:subfield>
   </marc:datafield>
   <marc:datafield ind1=" " ind2=" " tag="653">
      <marc:subfield code="a">Sprachen unterrichten</marc:subfield>
   </marc:datafield>
   <marc:datafield ind1=" " ind2=" " tag="653">
      <marc:subfield code="a">Softcover / Kinder- und Jugendbücher/Erzählerische Bilderbücher</marc:subfield>
   </marc:datafield>
   <marc:datafield ind1=" " ind2=" " tag="653">
      <marc:subfield code="a">Bilderbuch</marc:subfield>
   </marc:datafield>
   <marc:datafield ind1=" " ind2=" " tag="653">
      <marc:subfield code="a">Erzählerische Bilderbücher</marc:subfield>
   </marc:datafield>
   <marc:datafield ind1="0" ind2="0" tag="245">
      <marc:subfield code="a">Das Allerwichtigste</marc:subfield>
   </marc:datafield>
   <marc:datafield ind1="0" ind2="0" tag="245">
      <marc:subfield code="b">= Najważniejsze</marc:subfield>
   </marc:datafield>
   <marc:datafield ind1="0" ind2="0" tag="245">
      <marc:subfield code="c">Antonella Abbatiello ; Übersetzung ins Deutsche: Kerstin Schlieker, Übersetzung ins Polnische: Miroslawa Kowezowska</marc:subfield>
   </marc:datafield>
   <marc:datafield ind1=" " ind2="1" tag="264">
      <marc:subfield code="a">München</marc:subfield>
      <marc:subfield code="b">Edition bi:libri</marc:subfield>
   </marc:datafield>
   <marc:datafield ind1="1" ind2=" " tag="520">
      <marc:subfield code="a">Angaben aus der Verlagsmeldung

Das Allerwichtigste : Kinderbuch Deutsch-Polnisch mit MP3-Hörbuch zum Herunterladen und Ausklappseiten / von Antonella Abbatiello

Zweisprachiges Kinderbuch Deutsch-Polnisch

Zielgruppe: Kinder ab 3 Jahren

Eines Tages unterhalten sich die Tiere im Rotwiesenwald und fragen sich, was wohl das Wichtigste sei. Der Hase legt Wert auf lange Ohren, der Igel erläutert die Vorzüge der Stacheln, die Giraffe setzt auf den langen Hals, der Elefant auf seinen langen Rüssel und so weiter. Doch wie sähen die Tiere aus, wenn jeder Einzelne alle Eigenschaften in sich vereinigte? Die kluge Eule überzeugt ihre tierischen Gesellen, dass jeder individuelle Stärken hat und nicht alle gleich sein können.

Das Allerwichtigste erzählt eine wunderbare moderne Fabel über die Einzigartigkeit jedes Einzelnen. Auf jeder Seite der zweisprachigen Geschichte stellt ein Tier seine Besonderheit vor, die es als wichtigste Eigenschaft ansieht. Die nächste Seite – eine Aufklappseite – zeigt dann die Waldbewohner mit der zuvor benannten wichtigsten Eigenschaft (u. a. Frosch und Fuchs mit Stacheln oder Löwe und Giraffe mit Rüssel). Die liebevollen und zum Teil aberwitzigen Illustrationen sorgen bei den Kleinen garantiert für allerlei Gelächter.

Anhang mit Tier-Piktogrammen und Tiernamen in beide Sprachen, MP3-Hörbuch zum kostenfreien Download

Für weitere Sprachen erhältlich
</marc:subfield>
   </marc:datafield>
   <marc:datafield ind1=" " ind2=" " tag="020">
      <marc:subfield code="a">9783197196015</marc:subfield>
      <marc:subfield code="9">9783197196015</marc:subfield>
   </marc:datafield>
   <marc:datafield ind1=" " ind2=" " tag="020">
      <marc:subfield code="a">3197196015</marc:subfield>
      <marc:subfield code="9">3197196015</marc:subfield>
   </marc:datafield>
   <marc:datafield ind1=" " ind2=" " tag="041">
      <marc:subfield code="a">ger</marc:subfield>
   </marc:datafield>
   <marc:datafield ind1=" " ind2=" " tag="300">
      <marc:subfield code="a">48 ungezählte Seiten</marc:subfield>
   </marc:datafield>
</marc:record>
